Rights of Light (Record no. 115348)
[ view plain ]
| 000 -LEADER | |
|---|---|
| fixed length control field | 01005cam a22002415a 4500 |
| 001 - CONTROL NUMBER | |
| control field | L158501 |
| 008 - FIXED-LENGTH DATA ELEMENTS--GENERAL INFORMATION | |
| fixed length control field | 150327s2015 xxk f 000 0 eng d |
| 020 ## - INTERNATIONAL STANDARD BOOK NUMBER | |
| International Standard Book Number | 9781846618635 |
| 035 ## - SYSTEM CONTROL NUMBER | |
| System control number | (Sirsi) u158501 |
| 041 0# - LANGUAGE CODE | |
| Language code of text/sound track or separate title | eng |
| 082 ## - DEWEY DECIMAL CLASSIFICATION NUMBER | |
| Classification number | 346.410435 |
| 100 1# - MAIN ENTRY--PERSONAL NAME | |
| Personal name | Bickford-Smith, Stephen |
| 245 00 - TITLE STATEMENT | |
| Title | Rights of Light |
| Remainder of title | The Modern Law |
| 250 ## - EDITION STATEMENT | |
| Edition statement | 3rd ed. |
| 260 ## - PUBLICATION, DISTRIBUTION, ETC. | |
| Place of publication, distribution, etc. | Bristol |
| Name of publisher, distributor, etc. | Jordan Publishing Limited |
| Date of publication, distribution, etc. | 2015 |
| 300 ## - PHYSICAL DESCRIPTION | |
| Extent | 500p, 25cm |
| 520 ## - SUMMARY, ETC. | |
| Summary, etc. | Coverage of rights of light combining exposition of the law with practical guidance on procedure and remedies. Third edition has been extensively revised to include expanded chapters on remedies, guidance on evidence and procedure in the Upper Tribunal and the First-tier Tribunal and a chapter analysing the Law Commission's Report on Rights to light and the draft Rights to Light (Injunctions) Bill. |
| 651 #4 - SUBJECT ADDED ENTRY--GEOGRAPHIC NAME | |
| Geographic name | United Kingdom |
| 690 ## - LOCAL SUBJECT ADDED ENTRY--TOPICAL TERM (OCLC, RLIN) | |
| Topical term or geographic name as entry element | Rights of light |
| 9 (RLIN) | 6267 |
| 700 1# - ADDED ENTRY--PERSONAL NAME | |
| Personal name | Francis, Andrew |
| 700 1# - ADDED ENTRY--PERSONAL NAME | |
| Personal name | Weekes, Tom |
| 942 ## - ADDED ENTRY ELEMENTS (KOHA) | |
| Suppress in OPAC | 0 |
| Source of classification or shelving scheme | Dewey Decimal Classification |
| Withdrawn status | Lost status | Source of classification or shelving scheme | Damaged status | Not for loan | Home library | Current library | Shelving location | Date acquired | Total Checkouts | Full call number | Barcode | Date last seen | Copy number | Price effective from | Koha item type |
|---|---|---|---|---|---|---|---|---|---|---|---|---|---|---|---|
| Dewey Decimal Classification | London | London | Books | 27/03/2015 | 346.410435 BIC | 30075170 | 17/05/2023 | 1 | 06/08/2019 | Book |